Air conditioning engineering. (3rd ed.) (Record no. 83871)

MARC details
000 -LEADER
fixed length control field 00778nam a2200193 a 4500
008 - FIXED-LENGTH DATA ELEMENTS--GENERAL INFORMATION
fixed length control field 120416s1985 ||||||||||||||||| || u
020 ## - INTERNATIONAL STANDARD BOOK NUMBER
International Standard Book Number 0713135220
050 ## - LIBRARY OF CONGRESS CALL NUMBER
Classification number TH 7687 Jon
100 ## - MAIN ENTRY--PERSONAL NAME
Personal name Jones, William Peter
245 10 - TITLE STATEMENT
Title Air conditioning engineering. (3rd ed.)
250 ## - EDITION STATEMENT
Edition statement 3rd ed.
260 ## - PUBLICATION, DISTRIBUTION, ETC.
Place of publication, distribution, etc. London
Name of publisher, distributor, etc. Edward Arnold
Date of publication, distribution, etc. 1985
300 ## - PHYSICAL DESCRIPTION
Extent xiv, 577p. : ill.
350 ## -
-- 0.00
650 ## - SUBJECT ADDED ENTRY--TOPICAL TERM
Topical term or geographic name entry element ENGINEERING
650 ## - SUBJECT ADDED ENTRY--TOPICAL TERM
Topical term or geographic name entry element AIR CONDITIONING--ENGINEERING
995 ## -
-- MAIN LIBRARY OPEN ACCESS
-- 0.00
-- 713480
-- CBU-MAIN LIBRARY (Kitwe)
-- 2
-- 29.50
-- TH 7687 Jon
-- 2
-- AVAILABLE
-- 016365
-- Main Library Open Access Collection
995 ## -
-- ANNEX COLLECTION (Main Library)
-- 0.00
-- 713481
-- CBU-MAIN LIBRARY (Kitwe)
-- 1
-- 29.50
-- TH 7687 Jon
-- 1
-- AVAILABLE
-- 016364
-- Annex Low-Usage Collection
999 ## -
-- 83871
-- 83871
Holdings
Withdrawn status Lost status Source of classification or shelving scheme Damaged status Not for loan Permanent Location Current Location Shelving location Date acquired Total Checkouts Full call number Barcode Date last seen Copy number Price effective from Koha item type
          CBU-MAIN LIBRARY, KITWE. CBU-MAIN LIBRARY, KITWE.   01/08/2024   TH 7687 Jon 016365 01/08/2024 1 01/08/2024 MONOGRAPH
          CBU-MAIN LIBRARY, KITWE. CBU-MAIN LIBRARY, KITWE.   01/08/2024   TH 7687 Jon 016364 01/08/2024 2 01/08/2024 MONOGRAPH